Adapting to innovation : a facet analysis of the case of the computer /

Gorde:
Xehetasun bibliografikoak
Formatua: Liburua
Hizkuntza:English
Argitaratua: Jerusalem : Jerusalem Academic Press, 1970.
Gaiak:
LEADER 01090nam a2200253 i 4500
001 c000308545
003 CARM
005 00000000000000.0
008 840416s1970 is a 000 0 eng d
019 1 |a 2691646  |5 LACONCORD2021 
035 |a (OCoLC)307464  |5 LACONCORD2021 
082 0 4 |a 658.4062 
245 0 0 |a Adapting to innovation :  |b a facet analysis of the case of the computer /  |c Don Elizur ; introduction by Louis Guttman. 
260 |a Jerusalem :  |b Jerusalem Academic Press,  |c 1970. 
300 |a 215p. :  |b ill. 
504 |a Bibliography: p.209-215. 
650 0 |a Electronic data processing. 
650 0 |a Employee morale. 
650 0 |a Technological innovations  |x Psychological aspects. 
852 8 |b CARM  |h A2:AB35h0  |i B10683  |p 0508346  |f BK 
852 8 |b CARM  |h A1:AL04G0  |i B09858  |p 0443830  |f BK 
999 f f |i 5d898231-7766-5b85-964d-ed66d44be594  |s 1fbea8e2-d117-5535-8707-41a0edd6bb2d 
952 f f |p Can circulate  |a CAVAL  |b CAVAL  |c CAVAL  |d CARM 1 Store  |e B09858  |f A1:AL04G0  |h Other scheme  |i book  |m 0443830 
952 f f |p Can circulate  |a CAVAL  |b CAVAL  |c CAVAL  |d CARM 1 Store  |e B10683  |f A2:AB35h0  |h Other scheme  |i book  |m 0508346